000 00595nam a2200181 i 4500
001 145210
003 ES-MaACL
005 20231228210629.0
007 t|
008 070214s1956 sp r ||||1| spa d
100 1 _aSopeña Ibáñez, Federico,
_d1917-1991
_9107321
245 1 0 _aStrawinsky
_b: vida, obra y estilo /
_cFederico Sopeña Ibáñez.
260 _aMadrid :
_bSociedad de Estudios y Publicaciones,
_c1956 (
_fOgrama)
300 _a270 p., 1 lám. = retr. aut. ;
_c25 cm.
600 1 4 _aStravinsky, Igor.
_9139612
852 _aES-MaACL
_jC-11232
_bR.39006
999 _c145210
_d145210